| 000 | 00583nam a2200181 i 4500 | ||
|---|---|---|---|
| 001 | 182282 | ||
| 003 | ES-MaACL | ||
| 005 | 20250801063048.0 | ||
| 008 | 130730s1986 mx |||| | spa d | ||
| 100 | 1 |
_aZavala, Silvio, _d1909-2014 _9118108 |
|
| 245 | 1 | 0 |
_aExamen del título de la Conmemoración del V Centenario del del Descubrimiento de América / _cSilvio Zavala. |
| 260 |
_aMéxico : _bAmbos Mundos, _c1986. |
||
| 300 |
_a8 p. ; _c22 cm. |
||
| 490 | 1 | _aMar abierto | |
| 830 | 0 |
_aMar abierto _9224818 |
|
| 852 |
_aES-MaACL _j2316-F-30 |
||
| 999 |
_c182282 _d182282 |
||